| 000 | 00566nam a2200193Ia 4500 | ||
|---|---|---|---|
| 005 | 20260429112331.0 | ||
| 008 | 260429s9999||||xx |||||||||||||| ||und|| | ||
| 020 | _a9789360861933 | ||
| 041 | _aHindi | ||
| 082 |
_a891.431 _bPAL |
||
| 100 | _aपल्लव | ||
| 245 | 0 |
_aनंद चतुर्वेदी रचनावाली / _cपल्लव |
|
| 250 | _a1st ed. | ||
| 260 |
_aनई दिल्ली : _bराजकमल प्रकाशन, _c2024. |
||
| 300 | _a566 p.; Hb | ||
| 440 | _vखंड- 1 | ||
| 650 | _aPoetry | ||
| 942 | _cTB | ||
| 999 |
_c53550 _d53550 |
||